Qu'est-ce que l'islam ? / (Record no. 170770)

MARC details
000 -LEADER
campo de control de longitud fija 00773nam a2200253 i 4500
001 - NÚMERO DE CONTROL
campo de control 170770
003 - IDENTIFICADOR DE NÚMERO DE CONTROL
campo de control ES-MaACL
005 - FECHA Y HORA DE LA ÚLTIMA TRANSACCIÓN
campo de control 20250815164346.0
008 - DATOS DE LONGITUD FIJA--INFORMACIÓN GENERAL
campo de control de longitud fija 090403s2000 fr |||| | fre d
020 ## - NÚMERO INTERNACIONAL ESTÁNDAR DEL LIBRO
Número Internacional Estándar del Libro 2-7071-3195-4
080 ## - NÚMERO DE LA CLASIFICACIÓN DECIMAL UNIVERSAL
Número de la Clasificación Decimal Universal 297
100 1# - ENTRADA PRINCIPAL--NOMBRE DE PERSONA
Nombre de persona Alili, Rochdy.
9 (RLIN) 139738
245 10 - MENCIÓN DEL TÍTULO
Título Qu'est-ce que l'islam ? /
Mención de responsabilidad, etc. Rochdy Alili.
260 ## - PUBLICACIÓN, DISTRIBUCIÓN, ETC.
Lugar de publicación, distribución, etc. Paris :
Nombre del editor, distribuidor, etc. La Découverte,
Fecha de publicación, distribución, etc. 2000.
300 ## - DESCRIPCIÓN FÍSICA
Extensión 373 p. ;
Dimensiones 19 cm.
490 1# - MENCIÓN DE SERIE
Mención de serie La Découverte poche ;
Designación de volumen o secuencia 83.
Mención de serie Essais
500 ## - NOTA GENERAL
Nota general Cronología.
500 ## - NOTA GENERAL
Nota general Índice.
504 ## - NOTA DE BIBLIOGRAFÍA, ETC.
Nota de bibliografía, etc. Bibliografía.
650 #7 - PUNTO DE ACCESO ADICIONAL DE MATERIA--TÉRMINO DE MATERIA
Término de materia o nombre geográfico como elemento de entrada Islamismo
Fuente del encabezamiento o término embne
9 (RLIN) 13903
830 0# - PUNTO DE ACCESO ADICIONAL DE SERIE-TÍTULO UNIFORME
Título uniforme La Découverte poche ;
Designación de volumen o secuencia 83.
Título uniforme Essais
9 (RLIN) 223076
852 4# - LOCALIZACIÓN
Ubicación ES-MaACL
Número de control de estantería E-12538
itemnumber R.140172
Nota libre . - Biblioteca Jacinto Martínez Lacalle
Holdings
Estatus retirado Estado de pérdida Estado de daño No para préstamo Biblioteca de origen Biblioteca actual Ubicación en estantería Fecha de adquisición Fuente de adquisición Total de préstamos Signatura topográfica completa Código de barras Visto por última vez Precio de reemplazo Tipo de ítem Koha
        Biblioteca del Ateneo de Madrid Biblioteca del Ateneo de Madrid Depósito 2 03/04/2009     E-12538 1179222 23/02/2023 23/02/2023 Libro impreso